De ministris sacris seu de Clericis; De praelaturis personalibus
Gorde:
| Egile nagusia: | |
|---|---|
| Formatua: | Liburua |
| Hizkuntza: | italiera |
| Argitaratua: |
Roma
Editrice Pontificia Universita Gregoriana
1990
|
| Gaiak: | |
| Etiketak: |
Etiketa erantsi
Etiketarik gabe, Izan zaitez lehena erregistro honi etiketa jartzen!
|
MARC
| LEADER | 00000nam a2200000 a 4500 | ||
|---|---|---|---|
| 001 | UCV3275 | ||
| 003 | CL-VaPUC | ||
| 008 | 930510e19900000IT |||||||||||||||||ita|d | ||
| 082 | 0 | 4 | |a 262.932 |b GHI |2 21 |
| 100 | |a Ghirlanda, Gianfranco |e author |9 599467 | ||
| 245 | 1 | 0 | |a De ministris sacris seu de Clericis; De praelaturis personalibus |
| 300 | |a 54 p | ||
| 942 | |c BK | ||
| 945 | |d 19930510 00:00:00 | ||
| 260 | |a Roma |b Editrice Pontificia Universita Gregoriana |c 1990 | ||
| 650 | 7 | |a DERECHO CANONICO |2 CL-VaPUC |9 297549 | |
| 583 | |a last modification |c 19930510 00:00:00 |k Rodrigo Vera | ||
| 999 | |c 210560 |d 210558 | ||
| 952 | |0 0 |1 0 |2 ddc |4 0 |6 262_932000000000000_GHI_1990 |7 0 |8 A |9 186911 |a BIBDER |b BIBDER |d 2019-11-14 |i 2545136 |o 262.932 GHI 1990 |p 2545136 |r 2023-01-25 |w 2019-11-14 |y MX |k DER | ||